000 01002nam0a22002531 4500
001 rc\4404808
005 20260408001825.0
021 _aRU
_bРг3210-68
021 _aRU
_b68-25812
035 _a(NLR Aleph) 008300105
090 _a8630619
_c8630619
100 _a20130416d1968 |||y0rusy50 ca
101 0 _arus
102 _aRU
105 _aak z |||||
200 1 _aДождевальный двухконсольный агрегат ДДА-100М
_eРуководство по сборке и эксплуатации
_fСССР. Херсонский комбайновый завод им. Г.И. Петровского
210 _aКиев
_cБ. и.
_d1968
215 _a82 с., 1 отд. л. слож. в [6] с. бланк.
_cил.
_d21
712 0 2 _aХерсонский комбайновый завод им. Г. И. Петровского
_9828257
_3RU\NLR\AUTH\8810166138
801 0 _aRU
_bNLR
_gpsbo
801 1 _aRU
_bELAR
_2rusmarc
852 _aNLR
_j68-6/5181
942 _cBOOK
980 _aNB